Topics in differential geometry /
Guardado en:
| Otros Autores: | , |
|---|---|
| Formato: | Libro |
| Idioma: | English |
| Publicado: |
Amsterdam ; New York :
North-Holland Pub. House,
c1988.
|
| Series: | Colloquia mathematica Societatis János Bolyai,
46 |
| Materias: | |
| Etiquetas: |
Agregar Etiqueta
Sin Etiquetas, Sea el primero en etiquetar este registro!
|
| LEADER | 00932nam a2200265 a 4500 | ||
|---|---|---|---|
| 001 | MAT.inmabb006059 | ||
| 008 | 880304s1988####ne#######b####100#0#eng## | ||
| 005 | 20130314145312.0 | ||
| 245 | 0 | 0 | |a Topics in differential geometry / |c edited by J. Szenthe and L. Tamássy. |
| 260 | |a Amsterdam ; |a New York : |b North-Holland Pub. House, |c c1988. | ||
| 300 | |a 2 v. (1377 p.) ; |c 25 cm. | ||
| 440 | 0 | |a Colloquia mathematica Societatis János Bolyai, |x 0139-3383 ; |v 46 | |
| 504 | |a Incluye referencias bibliográficas. | ||
| 510 | 4 | |a MR, |c 88j:53002 | |
| 500 | |a La biblioteca solo posee el vol. 2. |5 AR-BbIMB | ||
| 020 | |a 0444700900 (set) | ||
| 020 | |a 0444700889 (v. 1) | ||
| 020 | |a 0444700897 (v. 2) | ||
| 700 | 1 | |a Szenthe, Janos. |4 edt | |
| 700 | 1 | |a Tamássy, L. |4 edt | |
| 650 | 0 | |a Geometry, Differential. | |
| 084 | |a 53-06 |2 msc2000 | ||
| 010 | |a 88117452 | ||
| 040 | |a DLC |c DLC |d DLC | ||
| 859 | |h 53 |i T674 |p A-6602 |v 2 |3 Vol. 2 |b BIB. MATEMATICA | ||
